Quels états américains comptent le plus d'exécutions - Statistiques

Statistiques générales
  • Ce quiz a été pris 39 fois
  • Le résultat moyen est 25 sur 35
Statistiques - réponses
Hint Réponse % Correct
568 Texas
100%
13 Californie
92%
5 Washington
89%
99 Floride
86%
31 Arkansas
81%
5 Dakota du Sud
81%
12 Nevada
81%
37 Arizona
78%
43 Caroline du Nord
78%
43 Caroline du Sud
78%
21 Mississippi
78%
2 Oregon
78%
7 Utah
78%
1 Colorado
76%
75 Géorgie
76%
12 Illinois
76%
56 Ohio
76%
113 Virginie
76%
28 Louisiane
73%
1 Wyoming
73%
66 Alabama
70%
20 Indiana
70%
1 Nouveau Mexique
70%
3 Idaho
68%
89 Missouri
68%
11 Tennessee
68%
3 Kentucky
65%
3 Montana
65%
4 Nebraska
59%
3 Pennsylvanie
57%
1 Connecticut
54%
112 Oklahoma
54%
5 Maryland
51%
16 Delaware
46%
3 Exécutions fédérales
0%
Aucun quiz correspondant
Distribution des résultats
% des personnes avec chaque résultat
Percentile par nombre de réponses
Votre historique - résultats
Vous n’avez pas pris ce quiz